000 00865nam a2200253Ia 4500
003 OSt
005 20220923224856.0
006 a|||||r|||| 00| 0
007 ta
008 220922b |||||||| |||| 00| 0 hin d
024 _a252,878
037 _cTextual
040 _aARTS
_cARTS
_bhin
041 _2hin
_ahin
082 _aO152,3M901:g, K0
100 _aदीक्षित, विश्वप्रकाश
245 0 _aश्री वृन्दावनलाल वर्मा
246 _aShrī vṛundāvanalāl varmā
260 _aदिल्ली
_b अशोक प्रकाशन
_c1960
300 _a178पृ.
_ccm.
650 _aहिन्दी साहित्य
_9156264
942 _hO152,3M901:g, K0
_cTEXL
_2CC
999 _c374321
_d374321